Guess the Star Wars Location by One Word - Statistics

General Stats
  • This quiz has been taken 20 times
    12 since last reset
  • The average score is 23 of 45
Answer Stats
Hint Answer % Correct
City Coruscant
91%
Yoda Dagobah
91%
Forest Endor
91%
Snow Hoth
91%
LAVAAAA Mustafar
91%
Bongo Naboo
91%
Jundland Tatooine
91%
Boom. Alderaan / Kijimi
82%
Maul Dathomir
82%
Clones Kamino
82%
Massassi Yavin 4
82%
Tibanna Bespin
73%
Arena Geonosis
73%
Wroshyr Kashyyyk
73%
Spice Kessel
73%
""Moon"" Death Star
64%
Massacre Ghorman
64%
REBELS. Lothal
64%
Satine Mandalore
64%
Twi'lek Ryloth
64%
Quarren Mon Cala
55%
Sinkholes Utapau
55%
Casino Cantonica
45%
Xyston Exegol
45%
Kyber Ilum
45%
Holy Jedha
45%
Hospital Polis Massa
45%
Sith Korriban
36%
Shipyards Kuat
36%
Thrawn Csilla
27%
Prairies Dantooine
27%
Wayfinder Kef Bir
27%
Prison Narkina 5
27%
Chimaera Peridia
27%
Volcanos Sullust
27%
Inquisitor Nur
18%
Cinder Vardos
18%
Reklam Yarma
18%
Avenger 73
9%
Malevolence Antar
9%
Momin Darth Vader's Castle
9%
Piett Executor
9%
KALKITE. Maltheen Divide
9%
Abeloth Maw Cluster
9%
Revan Star Forge
9%
No matching quizzes found
Score Distribution
Percent of People with Each Score
Percentile by Number Answered
Your Score History
You have not taken this quiz since the last reset